Przyporządkuj powiat województwa zachodniopomorskiego do rejestracji - Statystyki

Ogólne statystyki
  • Ten quiz został rozwiązany 26 razy
    20 od ostatniego zresetowania
  • Średni wynik to 14 z 21
Odpowiedzi na mapie
Odpowiedzi zakodowano w zielono-czerwonej skali na mapie do tego quizu, zgodnie z poniższymi procentami.
 
Statystyki odpowiedzi
Odpowiedź % Poprawnych
ZDR
80%
ZKO
80%
ZSZ
80%
ZS / ZZ
80%
ZWA
80%
ZBI
70%
ZGY
70%
ZK
70%
ZKA
70%
ZMY
70%
ZSW
70%
ZCH
60%
ZGL
60%
ZKL
60%
ZPL
60%
ZSD
60%
ZSL
60%
ZST
60%
ZGR
50%
ZLO
50%
ZPY
50%
Nie znaleziono quizów pasujących do podanych kryteriów
Rozkład punktacji
Procent ludzi z każdym wynikiem
Percentyl według liczby udzielonych odpowiedzi
Twoja historia wyników
Nie rozwiązałeś tego quizu od ostatniego zresetowania